Nishapur revisited : stratigraphy and ceramics of the Qohandez /

محفوظ في:

المؤلف الرئيسي: Rante, Rocco (مؤلف)

مؤلف مشترك: Centre de recherche et de restauration des musées de France.

مؤلفون آخرون: Collinet, Annabelle., Labāf Khānīkī, Rajabʻalī, 1948 or 1949-

التنسيق: كتاب

اللغة: English

منشور في: Oxford, UK : Oakville, CT : Oxbow Books ; The David Brown Book Company, c2013.

الموضوعات:

الوسوم: إضافة وسم

لا توجد وسوم, كن أول من يضع وسما على هذه التسجيلة!

رقم الطلب: DS325 .N57 R36 2013

LEADER 01629namaa2200337 4500
001 23831
003 OSt
005 20211216082806.0
008 130303s2013 enka g b 000 0 eng d
952 |0 0  |1 0  |2 lcc  |4 0  |6 DS0325 N57 R36 02013  |7 1  |9 23852  |a ARCE  |b ARCE  |d 2021-12-16  |l 0  |o DS325 .N57 R36 2013  |p 1017533  |r 2021-12-16 00:00:00  |w 2021-12-16  |y BK 
999 |c 22634  |d 22634 
020 |a 9781842174944 
040 |c ARCE Library 
043 |a a-ir--- 
050 4 |a DS325 .N57 R36 2013 
100 1 |a Rante, Rocco,  |e author  |9 38176 
245 1 0 |a Nishapur revisited :   |b stratigraphy and ceramics of the Qohandez /   |c Rocco Rante & Annabelle Collinet ; with contributions by Rajabali Labbaf Khaniki, Iranian Centre of Archaeological Research (ICAR), A. Bouquillon, Y. Coquinot, C. Doublet, Y. Gallet, A. Genevey, E. Porto and A. Zink, Centre de Recherche et de Restauration des Musées de France (C2RMF). 
264 1 |a Oxford, UK :   |b Oxbow Books ;   |a Oakville, CT :   |b The David Brown Book Company,   |c c2013. 
300 |a xv, 212 pages :   |b illustrations (chiefly color), maps (some color) ;   |c 31 cm. 
504 |a Includes bibliographical references. 
555 |a Omnia 
650 0 |a Excavations (Archaeology)  |z Iran  |z Nīshāpūr. 
650 0 |a Geology  |z Iran  |z Nīshāpūr. 
650 0 |a Geology, Stratigraphic. 
650 0 |a Pottery, Iranian  |z Iran  |z Nīshāpūr. 
651 0 |a Nīshāpūr (Iran)  |x Antiquities. 
700 1 |a Collinet, Annabelle.   |9 28210 
700 1 |a Labāf Khānīkī, Rajabʻalī,  |d 1948 or 1949-  |9 34312 
710 1 |a Centre de recherche et de restauration des musées de France. 
901 |a reviewed 
942 |c BK  |2 lcc